Normal view
MARC view
Entry Personal Name
001 - CONTROL NUMBER
- control field: 3142
003 - CONTROL NUMBER IDENTIFIER
- control field: ARRUPE
005 - DATE AND TIME OF LATEST TRANSACTION
- control field: 20131104171207.0
008 - FIXED-LENGTH DATA ELEMENTS
- fixed length control field: 131104|| aca||aabn | a|a d
040 ## - CATALOGING SOURCE
- Original cataloging agency: ARRUPE
- Transcribing agency: ARRUPE
100 ## - HEADING--PERSONAL NAME
- Personal name: Eliade, Mircea,
- Dates associated with a name: 1907-1986.
670 ## - SOURCE DATA FOUND
- Source citation: Work cat.: (ARRUPE)0: Eliade, Mircea, 1907-1986. From primitives to Zen. 3140, Essential sacred writings from around the world /, 1992